Intellectual property portfolio (Record no. 526490)

000 -LEADER
fixed length control field 00233nam a22000977a 4500
082 ## - DEWEY DECIMAL CLASSIFICATION NUMBER
Classification number SNT T471x31 A554
100 ## - MAIN ENTRY--PERSONAL NAME
Personal name Gupta, Neeraj
9 (RLIN) 45657
245 ## - TITLE STATEMENT
Title Intellectual property portfolio
260 ## - PUBLICATION, DISTRIBUTION, ETC. (IMPRINT)
Place of publication, distribution, etc Berlin
Name of publisher, distributor, etc SIDBI
Date of publication, distribution, etc 2015
300 ## - PHYSICAL DESCRIPTION
Extent 174p.
Holdings
Withdrawn status Lost status Source of classification or shelving scheme Damaged status Koha normalized classification for sorting Not for loan Permanent location Current location Date acquired Full call number Barcode Date last seen Price effective from Koha item type
        SNT_T471X31_A554   Indian Institute of Public Administration Indian Institute of Public Administration 2024-06-06 SNT T471x31 A554 GR25061 2024-06-06 2024-06-06 GR

Powered by Koha